Sports Quiz

Random Sports or NBA Quiz
Score 0/100 Timer 17:00
0 Plays Today
Hint Answer % Correct
#3 - LA LakersLeBron James
98.3%
#4 - Houston RocketsJames Harden
97.7%
#5 - LA LakersAnthony Davis
97.5%
#6 - Golden State WarriorsStephen Curry
97%
#2 - LA ClippersKawhi Leonard
96.8%
#9 - Portland Trail BlazersDamian Lillard
96.4%
#8 - Philadelphia 76ersJoel Embiid
96.4%
#12 - Houston RocketsRussell Westbrook
96%
#10 - LA ClippersPaul George
96%
# 7 - Denver NuggetsNikola Jokic
96%
#11 - Brooklyn NetsKyrie Irving
95.6%
#1 - Milwaukee BucksGiannis Antetokounmpo
94.5%
#15 - Philadelphia 76ersBen Simmons
94.3%
#16 - Dallas MavericksLuka Doncic
93.9%
#14 - Utah JazzRudy Gobert
93.7%
#17 - Boston CelticsKemba Walker
93.2%
#18 - Minnesota TimberwolvesKarl-Anthony Towns
92.8%
#21 - Miami HeatJimmy Butler
92.4%
#19 - Washington WizardsBradley Beal
92.4%
#20 - Utah JazzDonovan Mitchell
91.8%
#13 - Portland Trail BlazersCJ McCollum
91.8%
#23 - Detoit PistonsBlake Griffin
90.5%
#22 - Toronto RaptorsPascal Siakam
89.2%
#28 - Atlanta HawksTrae Young
88.6%
#25 - Sacramento KingsDe'Aaron Fox
87.8%
#30 - Phoenix SunsDevin Booker
86.7%
#27 - Denver NuggetsJamal Murray
85.9%
#32 - Oklahoma City ThunderChris Paul
85.7%
#36 - Milwaukee BucksKhris Middleton
83.5%
#39 - Toronto RaptorsKyle Lowry
83.1%
#26 - Golden State WarriorsD'Angelo Russell
83.1%
#35 - Boston CelticsJayson Tatum
82.9%
#33 - Indiana PacersVictor Oladipo
82.7%
#34 - Dallas MavericksKristaps Porzingis
82.5%
Hint Answer % Correct
#38 - Golden State WarriorsDraymond Green
82.1%
#43 - Cleveland CavaliersKevin Love
81.6%
#41 - San Antonio SpursLaMarcus Aldridge
81.4%
#31 - New Orleans PelicansJrue Holiday
80.8%
#24 - Utah JazzMike Conley
80.6%
#29 - Philadelphia 76ersTobias Harris
80.2%
#40 - Orlando MagicNikola Vucevic
78.7%
#46 - San Antonio SpursDeMar DeRozan
78.5%
#37 - Philadelphia 76ersAl Horford
76.6%
#42 - New Orleans PelicansZion Williamson
75.9%
#47 - Atlanta HawksJohn Collins
75.5%
#45 - Orlando MagicAaron Gordon
74.7%
#51 - Boston CelticsJaylen Brown
73.8%
#52 - Detroit PistonsAndre Drummond
73.6%
#53 - Houston RocketsClint Capela
72.4%
#44 - Indiana PacersMyles Turner
71.9%
#55 - Chicago BullsZach LaVine
71.3%
#49 - Golden State WarriorsKlay Thompson
70%
#56 - New Orleans PelicansBrandon Ingram
69%
#58 - LA ClippersLou Williams
68.6%
#59 - Sacremento KingsBuddy Hield
68.1%
#50 - Chicago BullsLauri Markkanen
65.2%
#61 - Toronto RaptorsMarc Gasol
63.7%
#68 - New Orleans PelicansLonzo Ball
61.6%
#66 - Phoenix SunsDeAndre Ayton
61.6%
#48 - Utah JazzBojan Bogdanovic
61.2%
#67 - Milwaukee BucksEric Bledsoe
61%
#54 - Memphis GrizzliesJaren Jackson Jr
60.8%
#57 - Indiana PacersMalcolm Brogdon
58.9%
#60 - Brooklyn NetsCaris LeVert
56.3%
#63 - Indiana PacersDomantas Sabonis
54%
#62 - Utah JazzJoe Ingles
54%
#72 - LA ClippersMontrezl Harrell
53.4%
#65 - Boston CelticsGordon Hayward
53.4%
Hint Answer % Correct
#75 - Oklahoma City ThunderSteven Adams
52.5%
#77 - LA LakersKyle Kuzma
51.7%
#70 - Denver NuggetsGary Harris
51.5%
#80 - Milwaukee BucksBrook Lopez
51.3%
#78 - Houston RocketsEric Gordon
50%
#69 - Sacramento KingsMarvin Bagley III
50%
#76 - Brooklyn NetsSpencer Dinwiddie
48.1%
#71 - San Antonio SpursDejounte Murray
47.7%
#83 - Portland Trail BlazersJusuf Nurkic
47.5%
#84 - Phoenix SunsRicky Rubio
46.8%
#64 - Oklahoma City ThunderShai Gilgeous-Alexander
46.6%
#82 - Houston RocketsPJ Tucker
46%
#87 - Boston CelticsMarcus Smart
45.6%
#93 - Memphis GrizzliesJa Morant
45.1%
#79 - LA ClippersPatrick Beverley
45.1%
#92 - New York KnicksJulius Randle
44.9%
#81 - Miami HeatBam Adebayo
44.7%
#88 - Toronto RaptorsFred VanVleet
44.3%
#86 - Philadelphia 76ersJosh Richardson
43.9%
#73 - New Orleans PelicansJJ Redick
43.7%
#85 - Denver NuggetsPaul Millsap
41.8%
#91 - Oklahoma City ThunderDanillo Gallinari
39.2%
#95 - Brooklyn NetsJarrett Allen
38.8%
#100 - San Antonio SpursDerrick White
36.3%
#99 - Orlando MagicEvan Fournier
36.3%
#89 - Brooklyn NetsJoe Harris
36.1%
#74 - Sacramento KingsBogdan Bogdanovic
34%
#90 - Chicago BullsOtto Porter Jr
33.5%
#98 - New York KnicksMitchell Robinson
31.9%
#96 - New Orleans PelicansDerrick Favors
31.6%
#94 - Miami HeatJustice Winslow
30.8%
#97 - Minnesota TimberwolvesRobert Covington
30.6%
Remove Ads.
Support Sporcle.
Get the best of Sporcle when you Go Orange. This ad-free experience offers more features, more stats, and more fun while also helping to support Sporcle. Thank you for becoming a member.

You're not logged in!

Compare scores with friends on all Sporcle quizzes.
OR
Log In

Show Comments

Extras

Top Quizzes Today


Score Distribution

Your Account Isn't Verified!

In order to create a playlist on Sporcle, you need to verify the email address you used during registration. Go to your Sporcle Settings to finish the process.

Report this User

Report this user for behavior that violates our Community Guidelines.

Details: